| 000 | 01218nam a22003737a 4500 | ||
|---|---|---|---|
| 003 | CHAP | ||
| 005 | 20220329134954.0 | ||
| 008 | 971013s1942 r 00010 d | ||
| 010 | _a28882 | ||
| 011 | _a29854 | ||
| 035 | _a33965 | ||
| 040 | _cCHAP | ||
| 090 | _aTesis | ||
| 100 | 0 | 0 |
_aLedezma Ramírez, Franco. _965559 |
| 245 | _aCinco productos en las exportaciones de México | ||
| 260 |
_aMéxico : _bEl autor, _c1942 |
||
| 300 |
_a74 p. _b: ilus. |
||
| 500 | _ac.4 en bodega | ||
| 502 | _aTesis (Ing. Agr. Esp. en Economía Agrícola) -- ENA. Departamento de Economía Agrícola | ||
| 590 |
_aALEPH _b10 _c20130110 _lUCH01 _h1250 |
||
| 590 |
_aBATCH-UPD _b10 _c20130110 _lUCH01 _h1054 |
||
| 590 |
_aBATCH-UPD _b10 _c20130410 _lUCH01 _h0649 |
||
| 590 |
_aBATCH-UPD _b10 _c20130914 _lUCH01 _h1113 |
||
| 590 |
_aCONVERSION _b10 _c20130109 _lUCH01 _h1317 |
||
| 650 | 1 | 4 |
_aAlgodon _xAspectos economicos. _93967 |
| 650 | 1 | 4 |
_aCuero. _930102 |
| 650 | 1 | 4 |
_aPlátano. _989202 |
| 650 | 1 | 4 |
_aProductos agrícolas _xMercadeo _zMéxico. _991999 |
| 901 | _aBK | ||
| 942 | _cFOLL | ||
| 949 |
_bBC _cTES _d-78774 _eTS1 _i33965 _si |
||
| 949 |
_bBC _cTES _d-78775 _eTS2 _fc.2 _i33965 _si |
||
| 949 |
_bBC _cTES _d-78776 _eTS2 _fc.3 _i33965 _si |
||
| 999 |
_c28882 _d28882 |
||